000 00430nam a2200181Ia 4500
005 20240823052933.0
008 240823s9999||||xx |||||||||||||| ||und||
041 _aENGLISH
082 _A621.3191 N3
100 _aDeshpande M V
245 0 _aElectrical Power System Design
250 _a1st
260 _c1993
_b"TMH,New Delhi"
500 _aYES
650 _aElectrical Power
_bElectrical
942 _cBK
999 _c223032
_d223032